Το δαιμόνιο : μυθιστόρημα

Αποθηκεύτηκε σε:
Λεπτομέρειες βιβλιογραφικής εγγραφής
Κύριος συγγραφέας: Θεοτοκάς, Γιώργος, 1905-1966
Μορφή: Βιβλίο
Γλώσσα:Greek
Δημοσίευση: Αθήνα : Εστία, c1996
Έκδοση:8η έκδ., αναθ.
Σειρά:Νεοελληνική λογοτεχνία (Εστία) ; 88
Θέματα:
Ετικέτες: Προσθήκη ετικέτας
Δεν υπάρχουν, Καταχωρήστε ετικέτα πρώτοι!

MARC

LEADER 00000cam a2200000 i 4500
001 1/103546
008 000301s1996 gr | ||| |||| ||gre||
020 |a 9600500886 
035 |l 10058512 
040 |a GR-MY-UA  |b gre  |e aacr 
041 0 |a gre 
082 0 |a 889.34 
100 1 |a Θεοτοκάς, Γιώργος,   |d 1905-1966. 
245 1 3 |a Το δαιμόνιο :  |b μυθιστόρημα /  |c Γιώργου Θεοτοκά 
250 |a 8η έκδ., αναθ. 
260 |a Αθήνα :   |b Εστία,   |c c1996 
300 |a 134 σ. 
490 1 |a Νεοελληνική λογοτεχνία  |v ; 88 
650 0 0 |a Greek fiction. 
650 0 0 |a Greek literature, Modern. 
830 0 |a Νεοελληνική λογοτεχνία (Εστία)  |v ; 88 
852 |a INST  |b LESVOS  |e 20000301  |h 889.34 ΘΕΟ  |p 005100023753  |q 005100023753  |t BK  |y 0 
901 |a BIBL1-2000-1 
909 |a Λ  |b 073497 
922 |a 1ΕΛΗ  |b 199912  |c ΚΠΣ/ΤΚΑ  |d EMVASIS 
950 |a 117-1999-12-16 
970 |a ΤΖΑΦΕΡΗ  |b ΕΥΑΓΓΕΛΙΑ  |z 2000/03/07